[Event "Salon de Provence op 7th"]
[Site "Salon de Provence"]
[Date "2016.07.10"]
[Round "3"]
[White "Quet, Jean Francois"]
[Black "Moncamp, Gilles"]
[Result "0-1"]
[WhiteElo "1730"]
[BlackElo "2101"]
[PlyCount "40"]
[EventDate "2016.07.09"]
[EventType "swiss"]
[EventRounds "9"]
[EventCountry "FRA"]
[SourceTitle "EXT 2019"]
[Source "ChessBase"]
[SourceDate "2018.10.10"]
[SourceVersion "1"]
[SourceVersionDate "2018.10.10"]
[SourceQuality "1"]

1. e4 e5 2. Nf3 Nc6 3. Bb5 f5 4. Nc3 fxe4 5. Nxe4 d5 6. Nxe5 dxe4 7. Qh5+ g6 8. Nxg6 hxg6 9. Qxh8 Be6 10. 0-0 Qf6 11. Qxf6 Nxf6 12. d3 exd3 13. Re1 Kf7 14. Bxd3 Bd6 15. Bxg6+ Kxg6 16. Rxe6 Nd4 17. Rxd6 cxd6 18. c3 Re8 19. Kf1 Nc2 20. Rb1 Re1# 0-1